[Event "SRB-chT Central"]
[Site "Pozarevac"]
[Date "2012.02.15"]
[Round "3"]
[White "Antic, Dragan"]
[Black "Stojanovic, Zlatko"]
[Result "0-1"]
[WhiteElo "2142"]
[BlackElo "2252"]
[PlyCount "54"]
[EventDate "2012.02.13"]
[EventType "team-swiss"]
[EventRounds "9"]
[EventCountry "SRB"]
[SourceTitle "CBM 146 Extra"]
[Source "ChessBase"]
[SourceDate "2012.02.29"]
[SourceVersion "1"]
[SourceVersionDate "2012.02.29"]
[SourceQuality "1"]

1. d4 d5 2. c4 c6 3. Nc3 Nf6 4. e3 g6 5. Nf3 Bg7 6. Be2 0-0 7. 0-0 Bg4 8. Ne5 Bxe2 9. Qxe2 Nbd7 10. Rd1 e6 11. e4 Nxe4 12. Nxe4 dxe4 13. Nxd7 Qxd7 14. Qxe4 b5 15. b3 bxc4 16. bxc4 Qb7 17. Bf4 Rfd8 18. c5 Rd5 19. Rab1 Qa6 20. Bd6 Qxa2 21. Rb7 Bxd4 22. Rdb1 Qxf2+ 23. Kh1 Bxc5 24. Rb8+ Rxb8 25. Rxb8+ Kg7 26. Be5+ Kh6 27. Rb1 Bd6 0-1

[Event "Vienna State-chB"]
[Site "Vienna"]
[Date "2011.09.13"]
[Round "4"]
[White "Kottisch, Gustav"]
[Black "Antic, Dragan"]
[Result "0-1"]
[WhiteElo "1998"]
[BlackElo "2171"]
[PlyCount "92"]
[EventDate "2011.09.10"]
[EventType "swiss"]
[EventRounds "9"]
[EventCountry "AUT"]
[SourceTitle "EXT 2013"]
[Source "ChessBase"]
[SourceDate "2012.11.22"]
[SourceVersion "1"]
[SourceVersionDate "2012.11.22"]
[SourceQuality "1"]

1. d4 d5 2. c4 c6 3. Nc3 Nf6 4. Bg5 Nbd7 5. Nf3 dxc4 6. a4 Qa5 7. Bd2 Qc7 8. e4 e5 9. Bxc4 exd4 10. Nxd4 Ne5 11. Be2 Bb4 12. Qc2 0-0 13. 0-0 Neg4 14. Nf3 Bc5 15. Nd1 Bd6 16. h3 Nh2 17. Nxh2 Bxh2+ 18. Kh1 Re8 19. f4 Bg3 20. e5 Nd5 21. Rf3 Bh4 22. Ne3 Nxe3 23. Bxe3 b6 24. Bd3 g6 25. Raf1 Bb7 26. Bf2 Be7 27. Bg3 c5 28. Be4 Bxe4 29. Qxe4 f5 30. exf6 Bxf6 31. Qc4+ Qf7 32. Qxf7+ Kxf7 33. b3 Rad8 34. f5 g5 35. Bh2 Rd2 36. Bg1 Ree2 37. R3f2 Rxf2 38. Bxf2 Rb2 39. Bg3 Rxb3 40. Bb8 c4 41. Rd1 c3 42. Rc1 a6 43. Kg1 Bd4+ 44. Kf1 Ra3 45. Rc2 Rxa4 46. Ke2 b5 0-1

[Event "SRB Central-ch op-A 4th"]
[Site "Paracin"]
[Date "2011.07.13"]
[Round "7"]
[White "Antic, Dragan"]
[Black "Popovic, Aleksandar M"]
[Result "1-0"]
[WhiteElo "2144"]
[BlackElo "2321"]
[PlyCount "75"]
[EventDate "2011.07.08"]
[EventType "swiss"]
[EventRounds "9"]
[EventCountry "SRB"]
[SourceTitle "CBM 143 Extra"]
[Source "ChessBase"]
[SourceDate "2011.08.29"]
[SourceVersion "1"]
[SourceVersionDate "2011.08.29"]
[SourceQuality "1"]

1. d4 Nf6 2. c4 g6 3. Nf3 Bg7 4. g3 0-0 5. Bg2 d6 6. 0-0 Na6 7. Nc3 c6 8. e4 Rb8 9. Re1 b5 10. e5 Ng4 11. h3 dxe5 12. hxg4 exd4 13. Ne2 d3 14. Bf4 Rb6 15. Be3 c5 16. b4 bxc4 17. bxc5 Rb2 18. Ned4 d2 19. Nxd2 Bxd4 20. Nxc4 Bxe3 21. Nxb2 Bd4 22. Qe2 Nxc5 23. Rad1 e5 24. Nc4 f6 25. Ne3 Be6 26. Nc2 Bf7 27. Qb5 Qd6 28. Nxd4 exd4 29. Rc1 Ne6 30. Rc6 Qd7 31. Qd5 Qxd5 32. Bxd5 Ng5 33. Bxf7+ Rxf7 34. Re8+ Kg7 35. Rd6 Rc7 36. Kg2 Rc2 37. Rd7+ Kh6 38. Re1 1-0

[Event "SRB Central-ch op-A 4th"]
[Site "Paracin"]
[Date "2011.07.12"]
[Round "6"]
[White "Savicevic, Vlatko"]
[Black "Antic, Dragan"]
[Result "1/2-1/2"]
[WhiteElo "2334"]
[BlackElo "2144"]
[PlyCount "48"]
[EventDate "2011.07.08"]
[EventType "swiss"]
[EventRounds "9"]
[EventCountry "SRB"]
[SourceTitle "CBM 143 Extra"]
[Source "ChessBase"]
[SourceDate "2011.08.29"]
[SourceVersion "1"]
[SourceVersionDate "2011.08.29"]
[SourceQuality "1"]

1. e4 e5 2. Nf3 Nf6 3. Nxe5 d6 4. Nf3 Nxe4 5. d3 Nf6 6. d4 d5 7. Bd3 Bg4 8. 0-0 Be7 9. Bg5 Nbd7 10. Nbd2 0-0 11. c3 c5 12. Qc2 c4 13. Bf5 g6 14. Bxg4 Nxg4 15. Bxe7 Qxe7 16. Rae1 Qd6 17. h3 Ngf6 18. Ne5 Nh5 19. Ndf3 Rfe8 20. Qd2 f6 21. Nxd7 Qxd7 22. g4 Ng7 23. Qf4 Rf8 24. Qg3 g5 1/2-1/2

[Event "SRB Central-ch op-A 4th"]
[Site "Paracin"]
[Date "2011.07.11"]
[Round "4"]
[White "Antic, Dragan"]
[Black "Bolt, Graham"]
[Result "1-0"]
[WhiteElo "2144"]
[BlackElo "2074"]
[PlyCount "103"]
[EventDate "2011.07.08"]
[EventType "swiss"]
[EventRounds "9"]
[EventCountry "SRB"]
[SourceTitle "CBM 143 Extra"]
[Source "ChessBase"]
[SourceDate "2011.08.29"]
[SourceVersion "1"]
[SourceVersionDate "2011.08.29"]
[SourceQuality "1"]

1. d4 g6 2. c4 Bg7 3. Nf3 d6 4. g3 Nc6 5. Bg2 Bg4 6. 0-0 Qd7 7. Re1 Bxf3 8. Bxf3 Nxd4 9. Bxb7 Rb8 10. Bg2 c5 11. Nc3 Nf6 12. e3 Ne6 13. Rb1 0-0 14. b3 Nd8 15. Bb2 Nc6 16. Na4 Qc7 17. Qd2 Rfd8 18. Red1 Nd7 19. Nc3 a6 20. Nd5 Qc8 21. Bh3 Bxb2 22. Qxb2 Re8 23. f4 Qb7 24. Bg2 Rbc8 25. Qe2 Qa7 26. Qg4 Nb4 27. Bh3 Nb6 28. Nc3 Rcd8 29. Bg2 Qc7 30. Qf3 a5 31. a3 Na6 32. Nb5 Qb8 33. Qc6 Rd7 34. Nc3 Qa7 35. h4 Rc8 36. Qe4 Nc7 37. f5 Re8 38. Qg4 Kh8 39. Bc6 Rg8 40. f6 Rdd8 41. fxe7 Rb8 42. Rxd6 Ne8 43. Qe4 Rc8 44. Nb5 Qb8 45. Rbd1 Rxc6 46. Qxc6 Nc8 47. Qxc5 Ncxd6 48. Nxd6 Qxb3 49. Nxf7+ Kg7 50. Qe5+ Nf6 51. Rf1 Qb6 52. Nd6 1-0

[Event "SRB Central-ch op-A 4th"]
[Site "Paracin"]
[Date "2011.07.09"]
[Round "2"]
[White "Antic, Dragan"]
[Black "Pantelic, Sasa"]
[Result "1/2-1/2"]
[WhiteElo "2144"]
[BlackElo "2364"]
[PlyCount "71"]
[EventDate "2011.07.08"]
[EventType "swiss"]
[EventRounds "9"]
[EventCountry "SRB"]
[SourceTitle "CBM 143 Extra"]
[Source "ChessBase"]
[SourceDate "2011.08.29"]
[SourceVersion "1"]
[SourceVersionDate "2011.08.29"]
[SourceQuality "1"]

1. d4 Nf6 2. c4 g6 3. Nf3 Bg7 4. g3 0-0 5. Bg2 d6 6. 0-0 Nc6 7. Nc3 Bg4 8. h3 Bxf3 9. Bxf3 Nd7 10. e3 e5 11. Ne2 f5 12. Bd5+ Kh8 13. b3 Qe7 14. Bb2 Nf6 15. dxe5 dxe5 16. Qc1 Nb4 17. Bxb7 Rab8 18. Bg2 Nd3 19. Qc2 Nxb2 20. Qxb2 Nd7 21. Rad1 e4 22. Qd2 Ne5 23. Qa5 c6 24. Rd2 g5 25. Rfd1 Rbc8 26. Kh2 f4 27. exf4 Nf3+ 28. Bxf3 exf3 29. Nd4 gxf4 30. Nf5 fxg3+ 31. fxg3 Qg5 32. g4 Rce8 33. Qxa7 Rxf5 34. gxf5 Be5+ 35. Kh1 Qxf5 36. Qd7 1/2-1/2

[Event "SRB Central-ch op-A 4th"]
[Site "Paracin"]
[Date "2011.07.08"]
[Round "1"]
[White "Nestorovic, Dejan"]
[Black "Antic, Dragan"]
[Result "1-0"]
[WhiteElo "2404"]
[BlackElo "2144"]
[PlyCount "93"]
[EventDate "2011.07.08"]
[EventType "swiss"]
[EventRounds "9"]
[EventCountry "SRB"]
[SourceTitle "CBM 143 Extra"]
[Source "ChessBase"]
[SourceDate "2011.08.29"]
[SourceVersion "1"]
[SourceVersionDate "2011.08.29"]
[SourceQuality "1"]

1. d4 d5 2. c4 c6 3. Nf3 Nf6 4. e3 e6 5. Nbd2 Nbd7 6. Bd3 Bd6 7. 0-0 0-0 8. e4 dxe4 9. Nxe4 Nxe4 10. Bxe4 h6 11. Bc2 Re8 12. Qd3 Nf8 13. Be3 Qf6 14. Rfe1 Bd7 15. c5 Bc7 16. Bd2 Rad8 17. Bc3 Qf5 18. Qd2 Qf4 19. Qe2 Bc8 20. Ne5 Bxe5 21. dxe5 Rd5 22. b4 Red8 23. Be4 R5d7 24. g3 Qg5 25. h4 Qe7 26. Qe3 Qe8 27. h5 Nh7 28. f4 Qe7 29. Bc2 f5 30. exf6 Nxf6 31. Qxe6+ Qxe6 32. Rxe6 Nxh5 33. Re3 Nf6 34. Bxf6 gxf6 35. Rae1 Kf8 36. Bg6 Kg7 37. f5 h5 38. Re7+ Kh6 39. Rxd7 Bxd7 40. Rd1 Kg5 41. Kf2 h4 42. gxh4+ Kxh4 43. Rd6 Kg5 44. Kg3 b6 45. b5 Rc8 46. Rxd7 cxb5 47. Rh7 1-0

[Event "Ratten op 18th"]
[Site "Ratten"]
[Date "2011.06.03"]
[Round "3"]
[White "Hapala, Elisabeth"]
[Black "Antic, Dragan"]
[Result "0-1"]
[WhiteElo "1878"]
[BlackElo "2144"]
[PlyCount "70"]
[EventDate "2011.06.02"]
[EventType "swiss"]
[EventRounds "5"]
[EventCountry "AUT"]
[SourceTitle "CBM 143 Extra"]
[Source "ChessBase"]
[SourceDate "2011.08.29"]
[SourceVersion "1"]
[SourceVersionDate "2011.08.29"]
[SourceQuality "1"]

1. e4 e5 2. Nf3 Nf6 3. Nxe5 d6 4. Nf3 Nxe4 5. Nc3 Nxc3 6. dxc3 Be7 7. Bf4 Nd7 8. Qd2 Nc5 9. 0-0-0 Be6 10. Kb1 Qd7 11. Nd4 0-0-0 12. Be2 g5 13. Nxe6 Nxe6 14. Be3 Kb8 15. Qd5 h5 16. Bf3 c6 17. Qa5 b6 18. Qa4 Rc8 19. c4 f5 20. c5 bxc5 21. Rd3 Rc7 22. Rb3+ Ka8 23. Rb6 Rhc8 24. Rd1 g4 25. Be2 f4 26. Bc1 d5 27. Ba6 Rf8 28. Bc4 Nd4 29. Bf1 Bd6 30. c4 g3 31. hxg3 fxg3 32. f3 h4 33. cxd5 cxd5 34. Rxd4 cxd4 35. Bg5 Qh7+ 0-1

[Event "Ratten op 18th"]
[Site "Ratten"]
[Date "2011.06.02"]
[Round "2"]
[White "Antic, Dragan"]
[Black "Meglitsch, Konstantin"]
[Result "0-1"]
[WhiteElo "2144"]
[BlackElo "2068"]
[PlyCount "88"]
[EventDate "2011.06.02"]
[EventType "swiss"]
[EventRounds "5"]
[EventCountry "AUT"]
[SourceTitle "CBM 143 Extra"]
[Source "ChessBase"]
[SourceDate "2011.08.29"]
[SourceVersion "1"]
[SourceVersionDate "2011.08.29"]
[SourceQuality "1"]

1. d4 d5 2. c4 c6 3. Nf3 Nf6 4. Nc3 e6 5. g3 Bd6 6. Bg2 Nbd7 7. 0-0 0-0 8. b3 Qe7 9. Bb2 Rd8 10. Qc2 e5 11. cxd5 cxd5 12. Nb5 e4 13. Nxd6 Qxd6 14. Ne5 Nf8 15. Rfc1 Ne8 16. f3 f6 17. Ng4 Bxg4 18. fxg4 Qd7 19. h3 Rac8 20. Qd2 Ne6 21. Qb4 Nd6 22. a4 b6 23. e3 f5 24. Ba3 Rxc1+ 25. Rxc1 Qb7 26. Bf1 Ng5 27. Kg2 fxg4 28. hxg4 a5 29. Qc3 Rc8 30. Qb2 Ndf7 31. Qe2 Rxc1 32. Bxc1 Qc8 33. Ba3 h6 34. Qd1 Nf3 35. Be2 N7g5 36. Qh1 Qxg4 37. Bd6 Qc8 38. Bf4 Qc3 39. Qd1 Qc8 40. Qh1 Qc6 41. Qd1 Qc8 42. Kf2 Qh3 43. Bf1 Qh2+ 44. Bg2 Nh3+ 0-1

[Event "Kragujevac op"]
[Site "Kragujevac"]
[Date "2009.04.11"]
[Round "2"]
[White "Antic, Dragan"]
[Black "Milosevic, Slavisa"]
[Result "0-1"]
[WhiteElo "2165"]
[BlackElo "2287"]
[PlyCount "51"]
[EventDate "2009.04.11"]
[EventType "swiss"]
[EventRounds "9"]
[EventCountry "YUG"]
[SourceTitle "EXT 2010"]
[Source "ChessBase"]
[SourceDate "2010.11.25"]
[SourceVersion "1"]
[SourceVersionDate "2010.11.25"]
[SourceQuality "1"]

1. d4 Nf6 2. c4 e6 3. Nf3 Bb4+ 4. Bd2 Qe7 5. g3 Bxd2+ 6. Nbxd2 d6 7. Bg2 e5 8. dxe5 dxe5 9. Qb3 0-0 10. 0-0 Nc6 11. e3 Rd8 12. Rfd1 e4 13. Ng5 Bg4 14. Ndxe4 Bxd1 15. Rxd1 Rxd1+ 16. Qxd1 h6 17. Nxf6+ Qxf6 18. Qb3 hxg5 19. Qxb7 Rb8 20. Qxc6 Rxb2 21. Qe8+ Kh7 22. f4 Rxa2 23. h3 Qa1+ 24. Kh2 Qb2 25. Qe4+ g6 26. f5 0-1

[Event "SRB Central-ch"]
[Site "Vrnjacka Banja"]
[Date "2007.12.15"]
[Round "8"]
[White "Savic, Dragan"]
[Black "Antic, Dragan"]
[Result "0-1"]
[WhiteElo "2229"]
[BlackElo "2158"]
[PlyCount "104"]
[EventDate "2007.12.10"]
[EventType "swiss"]
[EventRounds "9"]
[EventCountry "YUG"]
[SourceTitle "CBM 121 Extra"]
[Source "ChessBase"]
[SourceDate "2008.01.10"]
[SourceVersion "1"]
[SourceVersionDate "2008.01.10"]
[SourceQuality "1"]

1. e4 d5 2. exd5 Qxd5 3. Nc3 Qd6 4. d4 Nf6 5. g3 Bg4 6. Qd3 Nc6 7. Nb5 Qd7 8. Bf4 Nd5 9. Qe4 0-0-0 10. c3 e5 11. Be3 exd4 12. Nxd4 Nxd4 13. Qxd4 Bc5 14. Qxg4 Qxg4 15. Bh3 Qxh3 16. Nxh3 Nxe3 17. fxe3 Bxe3 18. Rd1 Rhe8 19. Rxd8+ Rxd8 20. Ke2 Bh6 21. Nf4 c5 22. Rf1 c4 23. Rf2 Rd6 24. Ke3 f5 25. Kf3 Ra6 26. Nd5 g6 27. b3 cxb3 28. axb3 Ra3 29. Rb2 b5 30. g4 fxg4+ 31. Kxg4 Kb7 32. Rb1 a5 33. h4 Kc6 34. Nf6 Bg7 35. Nxh7 Bxc3 36. Nf8 Ra1 37. Rxa1 Bxa1 38. Nxg6 a4 39. bxa4 bxa4 40. Nf4 Kc5 41. Kf3 Kc4 42. Ke2 a3 43. Nd3 Bb2 44. Ne1 Kb3 45. Kd1 a2 46. Nc2 Bf6 47. Kc1 Bb2+ 48. Kd2 Bg7 49. Kd3 Kb2 50. Kd2 Bh6+ 51. Kd3 Bc1 52. h5 Bh6 0-1

[Event "Vienna op-B 14th"]
[Site "Vienna"]
[Date "2003.08.18"]
[Round "3"]
[White "Antic, Dragan"]
[Black "Loeb, Walter"]
[Result "1-0"]
[WhiteElo "1970"]
[BlackElo "1889"]
[PlyCount "81"]
[EventDate "2003.08.16"]
[EventType "swiss"]
[EventRounds "9"]
[EventCountry "AUT"]
[SourceTitle "CBM 095 Extra"]
[Source "ChessBase"]
[SourceDate "2003.09.04"]
[SourceVersion "1"]
[SourceVersionDate "2003.09.04"]
[SourceQuality "1"]

1. e4 e5 2. Nf3 Nc6 3. d4 exd4 4. Nxd4 Nf6 5. Nxc6 bxc6 6. e5 Nd5 7. c4 Nb6 8. Bd3 d5 9. exd6 cxd6 10. 0-0 Be6 11. Re1 Be7 12. Qh5 g6 13. Qf3 Qd7 14. b3 0-0 15. Bb2 d5 16. Qe3 Rfe8 17. Qe5 f6 18. Qxe6+ Qxe6 19. Rxe6 dxc4 20. Bxc4 Nxc4 21. bxc4 Rab8 22. Bc3 Kf7 23. Rxc6 Red8 24. Nd2 Rd3 25. Re1 Rxc3 26. Rc7 Re8 27. Rxa7 Kf8 28. g3 Rc2 29. Nb3 Rxc4 30. Re6 Rb4 31. Rc6 h5 32. Rcc7 h4 33. Kg2 hxg3 34. hxg3 g5 35. Rd7 Re4 36. Nd4 Bc5 37. Rf7+ Kg8 38. Rg7+ Kh8 39. Rh7+ Kg8 40. Rag7+ Kf8 41. Nf5 1-0

[Event "Vienna op-B 14th"]
[Site "Vienna"]
[Date "2003.08.17"]
[Round "2"]
[White "Antic, Dragan"]
[Black "Gockner, Martin"]
[Result "1-0"]
[WhiteElo "1970"]
[BlackElo "1850"]
[PlyCount "67"]
[EventDate "2003.08.16"]
[EventType "swiss"]
[EventRounds "9"]
[EventCountry "AUT"]
[SourceTitle "CBM 095 Extra"]
[Source "ChessBase"]
[SourceDate "2003.09.04"]
[SourceVersion "1"]
[SourceVersionDate "2003.09.04"]
[SourceQuality "1"]

1. e4 c5 2. c3 e6 3. d4 cxd4 4. cxd4 Nf6 5. Nc3 d5 6. e5 Ne4 7. Nxe4 dxe4 8. Bc4 Nc6 9. Ne2 Bb4+ 10. Kf1 Nxe5 11. Bf4 Nc6 12. h4 0-0 13. a3 Bd6 14. Bg5 Be7 15. Nc3 e5 16. d5 Nd4 17. Nxe4 Bf5 18. Ng3 Bc2 19. Qg4 Rc8 20. Ba2 Bd3+ 21. Kg1 Kh8 22. Re1 f5 23. Bxe7 Qxe7 24. Qxd4 exd4 25. Rxe7 Rc2 26. d6 f4 27. Ne4 Rxb2 28. Nc5 Bb5 29. Bd5 d3 30. Bf3 d2 31. Kh2 Rc8 32. a4 Rxc5 33. axb5 Rc8 34. d7 1-0

[Event "Graz op-B"]
[Site "Graz"]
[Date "1999.??.??"]
[Round "6"]
[White "Jahrer, Michael"]
[Black "Antic, Dragan"]
[Result "0-1"]
[WhiteElo "1990"]
[BlackElo "1960"]
[PlyCount "88"]
[EventDate "1999.09.17"]
[EventType "swiss"]
[EventRounds "9"]
[EventCountry "AUT"]
[SourceTitle "EXT 2001"]
[Source "ChessBase"]
[SourceDate "2000.11.22"]
[SourceVersion "1"]
[SourceVersionDate "2000.11.22"]
[SourceQuality "1"]

1. d4 Nf6 2. c4 c5 3. d5 b5 4. cxb5 a6 5. bxa6 Bxa6 6. Nc3 d6 7. Nf3 g6 8. e4 Bxf1 9. Kxf1 Nbd7 10. g3 Bg7 11. Kg2 0-0 12. Re1 Ng4 13. h4 Nge5 14. h5 c4 15. hxg6 fxg6 16. Ng5 Nd3 17. Re2 N7c5 18. Qh1 h6 19. Nf3 Nxc1 20. Qxc1 Nd3 21. Qe3 Qc8 22. Nd4 Qg4 23. Ne6 Be5 24. Nxf8 Nf4+ 25. Kg1 Nxe2+ 26. Qxe2 Qxe2 27. Nxe2 Kxf8 28. Nc3 Rb8 29. Nd1 Rb6 30. Ne3 Rb4 31. a3 Ra4 32. Nd1 Ra5 33. a4 Ke8 34. Kf1 h5 35. Ra2 Bd4 36. Ke2 Kd7 37. Ne3 Rc5 38. Nc2 Bf6 39. Ke3 g5 40. Nd4 c3 41. Nb3 cxb2 42. Nd2 Rc3+ 43. Ke2 Rc2 44. Kd3 Rxd2+ 0-1

[Event "Graz op-B"]
[Site "Graz"]
[Date "1999.??.??"]
[Round "1"]
[White "Skoberne, Josef"]
[Black "Antic, Dragan"]
[Result "0-1"]
[WhiteElo "1780"]
[BlackElo "1960"]
[PlyCount "50"]
[EventDate "1999.09.17"]
[EventType "swiss"]
[EventRounds "9"]
[EventCountry "AUT"]
[SourceTitle "EXT 2001"]
[Source "ChessBase"]
[SourceDate "2000.11.22"]
[SourceVersion "1"]
[SourceVersionDate "2000.11.22"]
[SourceQuality "1"]

1. e4 c5 2. Nf3 Nc6 3. d4 cxd4 4. Nxd4 Nf6 5. Nc3 e5 6. Nxc6 bxc6 7. Bg5 Rb8 8. Rb1 Qa5 9. Bxf6 Rxb2 10. Bg5 Rxb1 11. Qxb1 Bb4 12. Bd3 Bxc3+ 13. Ke2 0-0 14. Rd1 d5 15. Kf1 Bg4 16. f3 Be6 17. Bh4 d4 18. Qb7 Rc8 19. Kg1 Qxa2 20. Be7 c5 21. Bd6 c4 22. Bf1 Qxc2 23. Rb1 d3 24. h3 Bd4+ 25. Kh2 Qf2 0-1